Glee Quotes Quiz Stats

 Plays Quiz not verified by Sporcle

Also try: Fictional Chefs
Challenge
Share
Tweet
Embed
Score 0/24 Timer 15:00
0 Plays Today
Quote Character % Correct
The guy did seem crazy. He charged my credit card by swiping it through his butt crack Rachel
94.3%
you stay here and I crack one of your nuts, right or left, that's your choice, or you walk away and live to be a douchebag another day.Santana
92.7%
Sandy how do you manage to enter a building without setting off all of the fire alarms? Sue
91.9%
Once on a dare, I swallowed a thumbtack. And I'm about 90% sure it's still there. Puck
91.9%
We should go to Asian couples therapy.Mike
91.9%
They can't touch me. They can't touch us Kurt
91.1%
I told my parents I only want one thing for Christmas this year: stop friending me on Facebook Artie
91.1%
If you keep looking for that happy ending, you are never gonna get it right. Quinn
90.2%
Dude that rocks, it's like gay Braveheart!Finn
90.2%
You are a beautiful, amazing woman whose heart is just too big for most men to stand. Will
90.2%
Last week we were too sexy, this week we're too religious -- we can't winTina
90.2%
Huh, yep, I'm gay. 100% gay. Thank you so much for clearing that up for me Rachel. Listen, save my space in line, will ya? I gotta go to the bathroom.Blaine
90.2%
Quote Character % Correct
And the glee club together with the football team was like a double rainbow. A zombie double rainbow.Brittany
86.6%
At what age are you allowed to look back on your life with nothing but regret? Emma
82.1%
I need those parents happy! They found out we've been serving the children prison food.Figgins
81.3%
At this school the thing that makes you different is the thing that people use to crush your spirit. Mercedes
80.9%
Oh you didn't hear? Your girlfriend's preggo! You're gonna be a baby daddy! Lauren
65.4%
I can't be your dad, but I'll be her hero for as long as she'll take me.Burt
64.2%
I have this compulsive need to crush other people's dreams. Terri
62.6%
You guys need to stop being such asses and start being badasses.Jesse
45.9%
Santana told me never to speak alone with you because you would try to steal all of my gold.Same
44.3%
Alright boys, pizza party - dig in. Everyone gets four slices, let's go! And when you're done, full pads out on the field. We're doing wind sprints. First ten to puke are off the tShannon Beiste
34.1%
This is high school. People's memories for good stuff lasts about as long as their Facebook statusKarofsky
24%
Oh, no I didn't!Azimio
17.1%

You're not logged in!

Compare scores with friends on all Sporcle quizzes.
Join for Free
OR
Log In

You Might Also Like...

Show Comments

Extras

Created Aug 10, 2011ReportNominate
Tags:glee

Top Quizzes Today


Score Distribution

Your Account Isn't Verified!

In order to create a playlist on Sporcle, you need to verify the email address you used during registration. Go to your Sporcle Settings to finish the process.

Report this User

Report this user for behavior that violates our Community Guidelines.

Details: